| 000 | 00356nam a22001457a 4500 | ||
|---|---|---|---|
| 020 | _a9780070681781 | ||
| 082 | _a621.382 | ||
| 100 | _aSingal T.L. | ||
| 245 | _aWireless Communications | ||
| 260 |
_aNew Delhi _bMcGraw-Hill _c2010 |
||
| 300 |
_axvii, 669 p. _bill. ; |
||
| 500 | _aIncludes index. | ||
| 650 | _aWireless communication systems. | ||
| 942 | _cBK | ||
| 999 |
_c12121 _d12121 |
||